000 00462nam a22001937a 4500
003 OSt
005 20220111165141.0
008 211005b |||||||| |||| 00| 0 eng d
020 _a0-697-37560-9
040 _cHAWASSA UNIVERSITY
050 _a574/RAV
_b7
082 _24
_a574/RAV
_b7
100 _aRAVEN JOHONSN
_95100
245 _aBIOLOGY
260 _aNew York
_bMCGRAW HILL
_c1999
300 _aXXXI/1284/1311
504 _aINEDX
942 _2ddc
_cBOOKS
_n0
999 _c26643
_d26643